000 01670nam2a22003011 4500
001 rc\4378816
005 20250612064737.0
021 _aRU
_b[61-3533ж]
035 _a(NLR Aleph) 008546779
090 _a8381293
_c8381293
100 _a20130416d1960 |||y0rusy50 ca
101 0 _arus
102 _aRU
105 _aa z |||||
200 1 _aУстановка ЦНИИМЭ для получения технологической щепы из отходов лесозаготовок
210 _aМосква
_aХимки
_d1960
215 _a48 с.
_cил.
225 1 _a...
_v23. Вып. 3
320 _aБиблиогр. в конце статей
423 0 _11010#$arus
_12001#$aСбежистость ствола - показатель качества круглых лесоматериалов]
_1700#1$aКрашенинников$bИ.П.
_tСбежистость ствола - показатель качества круглых лесоматериалов]
_aКрашенинников, И.П.
461 0 _1001rc\4378814
_12001#$aВопросы комплексного использования древесины на лесозаготовках и стандартизации лесопродукции$v[Вып. 3]
_98381284
_cМосква
_d1960
_nБ. и.
_tВопросы комплексного использования древесины на лесозаготовках и стандартизации лесопродукции
_v[Вып. 3]
700 1 _aКачелкин
_bЛ.И.
701 1 _aРушнов
_bН.П.
801 0 _aRU
_bNLR
_gpsbo
801 1 _aRU
_bELAR
_2rusmarc
852 _aNLR
_jП10/693
942 _cBOOK
980 _aNB